000
00473nam a2200181Ia 4500
008
090123s9999 xx 000 0 und d
082
_b
8161
100
_a
पाध्ये भाऊ
245
_a
मुरगी
250
_a
1
260
_b
डिंपल प्रकाशन
300
_a
162
600
_a
पाध्ये भाऊ
630
_a
मुरगी
700
_a
पाध्ये भाऊ
730
_a
मुरगी
942
_c
BOOK
999
_c
46227
_d
46227